Statistics for Dystopian Movies Quiz

Click here to take the quiz!

General Stats

  • This quiz has been taken 25,908 times
    (9,091 since last reset)
  • The average score is 11 of 19

Answer Stats

Year Hint Movie % Correct
3978Apes run the world and the Statue of Liberty has been torn downPlanet of the Apes
95%
?Teenager tributes fight to the death to entertain the capitalThe Hunger Games
90%
2199Humans are just batteries living in a computer simulationThe Matrix
81%
near futureBelieve it or not, Detroit is on the edge of collapse, and needs
robotic law enforcement
Robocop
75%
near futureBerserk motorcycle gangs terrorize the Australian outbackMad Max
74%
2805The world fills up with trash, so people live on a spaceship where
all their needs are served by robots
WALL-E
73%
1984Double plus good government controls history, language,
and all other facets of society
Nineteen Eighty-Four
72%
2500Water covers most of the world, and some people have evolved
webbed feet and gills
Waterworld
64%
near futureUltra-violent British street youths are rehabilitated using
psychological conditioning
A Clockwork Orange
55%
2019Replicants escape to Earth, and are hunted down in a grim, rainy Los AngelesBlade Runner
55%
2054Future crimes are predicted and preventedMinority Report
52%
?At a choosing ceremony, teens are placed into one of five factions
(except for the rebellious ones)
Divergent
47%
2022The Earth is hot and overcrowded, and people subsist on mystery green rationsSoylent Green
46%
2027Because of infertility, no children have been born for several yearsChildren of Men
38%
2505After 500 years of evolution, everyone on Earth is incredibly stupidIdiocracy
33%
near futureClones are raised in isolation to provide backup organs for the wealthyThe Island
32%
2000Cross-country car racers get points for speed, and also for killing pedestriansDeath Race 2000
28%
2032Tough cop from the past is unfrozen into a society where swearing
is a crime and everyone is a total wimp
Demolition Man
26%
2274Everything is fun and games until you reach age 30. Then it's game over!Logan's Run
20%

Score Distribution

Percentile by Number Answered

Percent of People with Each Score

Your Score History

You have not taken this quiz since the last reset